LIBRARY & INFORMATION CENTRE, KCAET, TAVANUR

ONLINE PUBLIC ACCESS CATALOGUE (OPAC)

Fundamentals of Agriculture (Record no. 14730)

MARC details
000 -LEADER
fixed length control field 00315nam a22001217a 4500
020 ## - INTERNATIONAL STANDARD BOOK NUMBER
ISBN 9789384007010
082 ## - DEWEY DECIMAL CLASSIFICATION NUMBER
Classification number 630.21
Item number SOU/FU
100 ## - MAIN ENTRY--AUTHOR NAME
Personal name Sourajit, Mustafee
245 ## - TITLE STATEMENT
Title Fundamentals of Agriculture
260 ## - PUBLICATION, DISTRIBUTION, ETC. (IMPRINT)
Place of publication New Delhi
Name of publisher MedTec- Scientific Internation Pvt. Ltd.
Year of publication 2014
300 ## - PHYSICAL DESCRIPTION
Number of Pages 351
942 ## - ADDED ENTRY ELEMENTS (KOHA)
Koha item type Book Bank scheme for SC students
Holdings
Withdrawn status Lost status Damaged status Collection code Home library Current library Shelving location Date acquired Source of acquisition Cost, normal purchase price Full call number Accession Number Koha item type
        KAUAET KAUAET Scheme 25/08/2016 Dream Tech Publishers & Book Sellers, Trivandrum. 350.00 630.21 SOU/FU BB 346 Book Bank scheme for SC students
free website counter